Krónikus szkizofrén állatmodell kifejlesztése és jellemzése
Elmentve itt :
| Szerzők: | |
|---|---|
| Dokumentumtípus: | Könyv része |
| Megjelent: |
Szegedi Tudományegyetem Juhász Gyula Pedagógusképző Kar
Szeged
2014
|
| Sorozat: | László Ferenc Sporttudományi Kutatóműhely
2 Sokszínű sporttudomány : sportszakmai tanulmány- és szakcikk gyűjtemény 2 |
| Kulcsszavak: | Pszichiátria, Szkizofrénia, Mentálhigiénié, Sport, Állatkísérletek |
| Tárgyszavak: | |
| Online Access: | http://acta.bibl.u-szeged.hu/75433 |
| LEADER | 01104naa a2200265 i 4500 | ||
|---|---|---|---|
| 001 | acta75433 | ||
| 005 | 20220426093122.0 | ||
| 008 | 220426s2014 hu o 0|| hun d | ||
| 020 | |a 978-615-5455-07-0 | ||
| 022 | |a 2064-5821 | ||
| 040 | |a SZTE Egyetemi Kiadványok Repozitórium |b hun | ||
| 041 | |a hun | ||
| 100 | 1 | |a Petrovszki Zita | |
| 245 | 1 | 0 | |a Krónikus szkizofrén állatmodell kifejlesztése és jellemzése |h [elektronikus dokumentum] / |c Petrovszki Zita |
| 260 | |a Szegedi Tudományegyetem Juhász Gyula Pedagógusképző Kar |b Szeged |c 2014 | ||
| 300 | |a 114-128 | ||
| 490 | 0 | |a László Ferenc Sporttudományi Kutatóműhely |v 2 | |
| 490 | 0 | |a Sokszínű sporttudomány : sportszakmai tanulmány- és szakcikk gyűjtemény |v 2 | |
| 650 | 4 | |a Orvos- és egészségtudomány | |
| 650 | 4 | |a Klinikai orvostan | |
| 650 | 4 | |a Egészségtudományok | |
| 695 | |a Pszichiátria, Szkizofrénia, Mentálhigiénié, Sport, Állatkísérletek | ||
| 700 | 0 | 1 | |a Kékesi Gabriella |e aut |
| 700 | 0 | 1 | |a Horváth Gyöngyi |e aut |
| 856 | 4 | 0 | |u http://acta.bibl.u-szeged.hu/75433/1/sporttudomany_002_114-128.pdf |z Dokumentum-elérés |